| 000 -LEADER |
| fixed length control field |
00723nam a2200229 a 4500 |
| 003 - CONTROL NUMBER IDENTIFIER |
| control field |
PK-NaQUE |
| 005 - DATE AND TIME OF LATEST TRANSACTION |
| control field |
20251024121134.0 |
| 008 - FIXED-LENGTH DATA ELEMENTS--GENERAL INFORMATION |
| fixed length control field |
251024b ||||| |||| 00| 0 eng d |
| 020 ## - INTERNATIONAL STANDARD BOOK NUMBER |
| International Standard Book Number |
0026428466 (hardcover) |
| 020 ## - INTERNATIONAL STANDARD BOOK NUMBER |
| International Standard Book Number |
9780026428460 (hardcover) |
| 040 ## - CATALOGING SOURCE |
| Transcribing agency |
QUEST |
| 100 1# - MAIN ENTRY--PERSONAL NAME |
| Personal name |
Sherwood, Ruth F. |
| 245 10 - TITLE STATEMENT |
| Title |
Homes: today and tomorrow / |
| 250 ## - EDITION STATEMENT |
| Edition statement |
5th ed. |
| 260 ## - PUBLICATION, DISTRIBUTION, ETC. (IMPRINT) |
| Place of publication, distribution, etc |
[S.l.] : |
| Name of publisher, distributor, etc |
Glencoe/Mcgraw-Hill, |
| Date of publication, distribution, etc |
1997. |
| 300 ## - PHYSICAL DESCRIPTION |
| Extent |
578 p. ; |
| 650 ## - SUBJECT ADDED ENTRY--TOPICAL TERM |
| Topical term or geographic name as entry element |
Design--United States--Juvenile literature |
| 650 ## - SUBJECT ADDED ENTRY--TOPICAL TERM |
| Topical term or geographic name as entry element |
Interior decoration--United States--Juvenile literature |
| 650 ## - SUBJECT ADDED ENTRY--TOPICAL TERM |
| Topical term or geographic name as entry element |
House buying--Juvenile literature |
| 856 40 - ELECTRONIC LOCATION AND ACCESS |
| Uniform Resource Identifier |
http://10.10.170.122:8080/browse/book/28770 |
| Link text |
Download eBook |
| 942 ## - ADDED ENTRY ELEMENTS (KOHA) |
| Koha item type |
Books |
| Source of classification or shelving scheme |
|